Manažérske zručnosti
Obsahové vymedzenie pojmu stimulovanie. Stimulácia vo všeobecnosti, v osobnom živote a v manažmente. Stimulácia a motivácia.
Guardado en:
| Autor principal: | |
|---|---|
| Formato: | Capítulo de libro |
| Lenguaje: | eslovaco |
| Materias: | |
| Etiquetas: |
Sin Etiquetas, Sea el primero en etiquetar este registro!
|
MARC
| LEADER | 00000naa$a2200000$$$4500 | ||
|---|---|---|---|
| 001 | 0019722 | ||
| 005 | 20231003110440.3 | ||
| 041 | 0 | |a slo | |
| 044 | |a SK | ||
| 245 | 1 | 0 | |a Manažérske zručnosti |c František Lipták |
| 520 | |a Obsahové vymedzenie pojmu stimulovanie. Stimulácia vo všeobecnosti, v osobnom živote a v manažmente. Stimulácia a motivácia. | ||
| 610 | 2 | 0 | |a stimulovanie |
| 610 | 2 | 0 | |a stimuly morálne |
| 610 | 2 | 0 | |a stimuly hmotné |
| 610 | 2 | 0 | |a stimuly pracovné |
| 610 | 2 | 0 | |a manažment |
| 610 | 2 | 0 | |a motivácia pracovná |
| 610 | 2 | 0 | |a manažéri |
| 100 | 1 | |a Lipták, František | |